Are they a mlb all star - Statistics

General Stats
  • This quiz has been taken 3 times
  • The average score is 4 of 10
Answers on the Grid
Answers color-coded by a green-red scale on the quiz's grid according to % correct below.
Juan soto
Kirk gibson
Geraldo perdomo
Ryan McMahon
Christian walker
Brandon nimmo
Shohei ohtani
Cal raleigh
Pete crow Armstrong
william contreas
Seiya suzuki
Brice turang
Roki saski
Ketel marte
Gleyber torres
Byron buxton
Jacob wilson
Brendan rogers
Javier baez
Raisel igleseas
 
Answer Stats
Answer % Correct
Juan soto
100%
Pete crow Armstrong
100%
Geraldo perdomo
50%
Ryan McMahon
50%
Shohei ohtani
50%
william contreas
50%
Gleyber torres
0%
Jacob wilson
0%
Javier baez
0%
Ketel marte
0%
No matching quizzes found
Score Distribution
Percent of People with Each Score
Percentile by Number Answered
Your Score History
You have not taken this quiz